Harry Potter Scrambled Charcters - Statistics

General Stats
  • This quiz has been taken 255 times
  • The average score is 20 of 30
Answer Stats
Answer % Correct
NRO Ron
95%
RRHYA Harry
91%
MEONHEIR Hermione
91%
RISIUS Sirius
91%
LBIL Bill
87%
VLINELE Neville
87%
DREF Fred
86%
TONT Nott
85%
OEREGG George
82%
KEAHRCR Kreacher
79%
MVRTOLEDO Voldemort
78%
LYLOM Molly
76%
PEASN Snape
75%
BOYDB Dobby
74%
GRAHDI Hagrid
74%
DUYELD Dudley
71%
RADOC Draco
67%
FKARAFOKR Karkaroff
61%
BINAIZ Zabini
61%
GNAIIN Nagini
60%
OHCHO Hooch
58%
UTNAPIE Petunia
55%
XELBLIART Bellatrix
54%
WAOCRR Carrow
52%
GGDLEI Diggle
50%
USBLA Albus
49%
VOMAOLR Marvolo
46%
OLOEDSR Dolores
33%
NVNEOR Vernon
32%
FABOHTERR Aberforth
27%
No matching quizzes found
Score Distribution
Percent of People with Each Score
Percentile by Number Answered
Your Score History
You have not taken this quiz